| 000 | 01369cam a2200265 4500 | ||
|---|---|---|---|
| 001 | WB3709-16 | ||
| 008 | 000000n2001 000 0 eng u | ||
| 035 | _a(Sirsi) u111203 | ||
| 245 | _aEU wants obstacle-free practice for RICS members | ||
| 260 | _c2001 | ||
| 490 |
_aRICS European Alert _vFebruary 2001, 1(1) |
||
| 520 | _aThe European Commission has proposed a mechanism to ensure that Member States recognise one another's regulations and practices rather than impose their own, a move which should allow Chartered Surveyors to overcome many of the barriers that currently limit their ability to practice in Europe. The proposals call for the identification of these obstacles during 2001, with a timetable for them to be dismantled to be announced in 2002. The Commission will then introduce non-legislative measures including codes of conduct and proposed harmonised rules where necessary. A task force of leading business figures will also present solutions to the problems faced by mobile personnel by 2005. | ||
| 590 | _aWB | ||
| 650 | _aESCS | ||
| 650 | _aEUROPE | ||
| 650 | _aEUROPEAN COMMISSION | ||
| 650 | _aEUROPEAN LEGISLATION | ||
| 650 | _aEUROPEAN UNION | ||
| 650 | _aFREE TRADE | ||
| 650 | _aHARMONISATION | ||
| 650 | _aMUTUAL RECOGNITION | ||
| 650 | _aMUTUAL RECOGNITION OF QUALIFICATIONS | ||
| 690 | _aLAW-EUROPE | ||
| 942 | _n0 | ||
| 999 |
_c66251 _d66251 |
||